| 000 | 00673nam a22001817a 4500 | ||
|---|---|---|---|
| 005 | 20251021124041.0 | ||
| 008 | 251021b |||||||| |||| 00| 0 eng d | ||
| 037 | _cTB | ||
| 040 |
_aCRL _cCRL |
||
| 041 |
_2HIN _aHIN |
||
| 084 | _bCRL | ||
| 100 |
_aतिवारी , डी. एन. _9848939 |
||
| 245 | _aजैविक ईंधन एक वैकल्पिक ऊर्जा | ||
| 260 |
_aनई दिल्ली, भारत: _bपंचतत्व गरिमा फाउंडेशन, _c2003 |
||
| 300 | _a110p. | ||
| 942 |
_2CC _cTB _n0 |
||
| 999 |
_c1464908 _d1464908 |
||